000
00261nam a2200085Ia 4500
245
0
_a
Frequently asked questions about peer pressure
100
_a
Juzwiak, Richard New York, 2009 1st ed
_9
76368
942
_c
BK
008
210818s9999 xx 000 0 und d
999
_c
451182
_d
451181